000 00874nam0a22002651 4500
001 rc\4481749
005 20130416170734.9
021 _aRU
_b[60-170]
035 _a(NLR Aleph) 008334317
090 _a8836901
_c8836901
100 _a20130416d1959 |||y0rusy50 ca
101 0 _arus
102 _aRU
105 _aa z |||||
200 1 _aОжидание
_eЛирика
210 _aМосква
_cСов. писатель
_d1959
215 _a99 с.
_cил.
_d14
327 1 _aСодерж.: О близком: Цикл стихов; Я - малахит: Поэма
464 0 _12001#$aО близком$eЦикл стихов$aЯ - малахит$eПоэма
700 1 _aКулемин
_bВ. Л.
_f1921-1962
_gВасилий Лаврентьевич
801 0 _aRU
_bNLR
_gpsbo
801 1 _aRU
_bELAR
_2rusmarc
852 _aNLR
_j59-1/1243
942 _cBOOK
980 _aNB